<?xml version="1.0" encoding="UTF-8"?>
<collection xmlns="http://www.loc.gov/MARC21/slim">
 <record>
  <leader>00938nam a22002055a 4500</leader>
  <controlfield tag="001">EEA.libagro010818</controlfield>
  <controlfield tag="005">20180912113240.0</controlfield>
  <controlfield tag="008">130809s1992####ag#a##########000#0#spa#d</controlfield>
  <datafield tag="082" ind1="0" ind2="4">
   <subfield code="a">631.8</subfield>
  </datafield>
  <datafield tag="082" ind1="0" ind2="4">
   <subfield code="a">633.31</subfield>
  </datafield>
  <datafield tag="100" ind1="1" ind2=" ">
   <subfield code="a">Loewy, Tomás.</subfield>
  </datafield>
  <datafield tag="245" ind1="1" ind2="0">
   <subfield code="a">Fertilización fosfórica de alfalfa en dos suelos del sudoeste bonaerense /</subfield>
   <subfield code="c">T. Loewy y M. de las Mercedes Ron.</subfield>
  </datafield>
  <datafield tag="260" ind1=" " ind2=" ">
   <subfield code="a">Buenos Aires :</subfield>
   <subfield code="b">Facultad de Agronomía, UBA,</subfield>
   <subfield code="c">1992.</subfield>
  </datafield>
  <datafield tag="300" ind1=" " ind2=" ">
   <subfield code="a">[10] p. :</subfield>
   <subfield code="b">il. ;</subfield>
   <subfield code="c">26 cm.</subfield>
  </datafield>
  <datafield tag="490" ind1="1" ind2=" ">
   <subfield code="a">Revista de la Facultad de Agronomía,</subfield>
   <subfield code="x">0325-9250 ;</subfield>
   <subfield code="v">v. 13 nº 1, pp. 1-10</subfield>
  </datafield>
  <datafield tag="700" ind1="1" ind2=" ">
   <subfield code="a">Ron, María de las Mercedes.</subfield>
  </datafield>
  <datafield tag="710" ind1="2" ind2=" ">
   <subfield code="a">Universidad de Buenos Aires.</subfield>
   <subfield code="b">Facultad de Agronomía.</subfield>
  </datafield>
  <datafield tag="773" ind1="0" ind2=" ">
   <subfield code="t">Fertilidad y Fertilizantes. Publicaciones del Ing. Agr. Tomás Loewy.</subfield>
   <subfield code="g">Trabajo nº 17.</subfield>
  </datafield>
  <datafield tag="856" ind1=" " ind2=" ">
   <subfield code="u">http://ri.agro.uba.ar/files/download/revista/facultadagronomia/1992loewyt.pdf</subfield>
   <subfield code="3">Texto completo</subfield>
  </datafield>
  <datafield tag="859" ind1=" " ind2=" ">
   <subfield code="a">AR-BbBCA</subfield>
   <subfield code="b">BIB. AGRONOMIA</subfield>
   <subfield code="h">631.8</subfield>
   <subfield code="i">L827 17</subfield>
   <subfield code="p">1996/2593</subfield>
  </datafield>
 </record>
</collection>
